Eastern Utah Libraries Catalog: Duchesne, Heber, Roosevelt, & Vernal

The fault in our stars / (Record no. 129677)

MARC details
000 -LEADER
fixed length control field 04895cgm a2200877Ii 4500
001 - CONTROL NUMBER
control field ocn885209817
003 - CONTROL NUMBER IDENTIFIER
control field OCoLC
005 - DATE AND TIME OF LATEST TRANSACTION
control field 20241220141901.0
007 - PHYSICAL DESCRIPTION FIXED FIELD--GENERAL INFORMATION
fixed length control field vd cvaizk
008 - FIXED-LENGTH DATA ELEMENTS--GENERAL INFORMATION
fixed length control field 140804s2014 cau126 e vleng d
040 ## - CATALOGING SOURCE
Original cataloging agency TEFMT
Language of cataloging eng
Description conventions rda
Transcribing agency TEFMT
Modifying agency TEF
-- TEFMT
-- IH7
-- ABG
-- PX0
-- UPZ
-- UINTA
024 1# - OTHER STANDARD IDENTIFIER
Standard number or code 024543968696
024 1# - OTHER STANDARD IDENTIFIER
Standard number or code 024543968702
028 42 - PUBLISHER NUMBER
Publisher number 2296869
Source 20th Century Fox
035 ## - SYSTEM CONTROL NUMBER
System control number (OCoLC)885209817
041 1# - LANGUAGE CODE
Language code of text/sound track or separate title eng
-- fre
-- spa
-- eng
-- spa
Language code of original and/or intermediate translations of text eng
050 #4 - LIBRARY OF CONGRESS CALL NUMBER
Classification number PN1997.2
Item number .F38 2014
082 04 - DEWEY DECIMAL CLASSIFICATION NUMBER
Classification number 791.43/72
Edition number 23
049 ## - LOCAL HOLDINGS (OCLC)
Holding library UCLB
092 ## - LOCALLY ASSIGNED DEWEY CALL NUMBER (OCLC)
Classification number 791.437
130 0# - MAIN ENTRY--UNIFORM TITLE
Uniform title Fault in our stars (Motion picture)
9 (RLIN) 5999109
245 14 - TITLE STATEMENT
Title The fault in our stars /
Statement of responsibility, etc Fox 2000 Pictures presents a Temple Hill Production ; directed by Josh Boone ; screenplay by Scott Neustadter & Michael H. Weber ; produced by Wyck Godfrey, Marty Bowen.
264 #1 - Production, Publication, Distribution, Manufacture, and Copyright Notice.
Place of production, publication, distribution, manufacture [Los Angeles, California] :
Name of producer, publisher, distributor, manufacturer Fox 2000 Pictures ;
Place of production, publication, distribution, manufacture [West Hollywood, California] :
Name of producer, publisher, distributor, manufacturer Temple Hill Productions,
Date of production, publication, distribution, manufacture, or copyr [2014]
264 #2 - Production, Publication, Distribution, Manufacture, and Copyright Notice.
Place of production, publication, distribution, manufacture Beverly Hills, California :
Name of producer, publisher, distributor, manufacturer 20th Century Fox Home Entertainment,
Date of production, publication, distribution, manufacture, or copyr [2014]
300 ## - PHYSICAL DESCRIPTION
Extent 1 videodisc (126 minutes) :
Other physical details sound, color ;
Dimensions 4 3/4 in.
336 ## - Content Type
Content type term two-dimensional moving image
337 ## - Media type
Media type term video
338 ## - Carrier type
Carrier type term videodisc
340 ## - PHYSICAL MEDIUM
Dimensions 4 3/4 in.
-- rda
344 ## -
-- digital
-- optical
-- surround
-- Dolby Digital 5.1
-- rda
344 ## -
-- digital
-- optical
-- surround
-- Dolby Digital 2.0
-- rda
345 ## -
-- widescreen (1.85:1)
-- 24 fps
-- rda
346 ## -
-- NTSC
-- rda
347 ## -
-- video file
-- DVD video
-- Region 1
-- rda
380 ## -
-- Motion picture
538 ## - SYSTEM DETAILS NOTE
System details note DVD, NTSC region 1, dual layer, widescreen (1.85:1) presentation; Dolby Digital 5.1, surround Dolby Digital 2.0.
546 ## - LANGUAGE NOTE
Language note In English (Dolby Digital 5.1), Spanish (surround Dolby Digital 2.0), or French (surround Dolby Digital 2.0); Spanish subtitles; English subtitles for the deaf and hard-of-hearing (SDH); English descriptive audio track for people with visual disabilities (5.1).
588 0# -
-- Title from disc surface.
511 1# - PARTICIPANT OR PERFORMER NOTE
Participant or performer note Shailene Woodley, Ansel Elgort, Laura Dern, Sam Trammell, Nat Wolff, Willem Dafoe.
508 ## - CREATION/PRODUCTION CREDITS NOTE
Creation/production credits note Costume desinger, Mary Clare Hannan ; music, Mike Mogis & Nathaniel Walcott ; film editor, Robb Sullivan ; production designer, Molly Hughes ; director of photography, Ben Richardson.
500 ## - GENERAL NOTE
General note Based on the novel by John Green.
500 ## - GENERAL NOTE
General note Originally released as a motion picture in 2014.
521 8# - TARGET AUDIENCE NOTE
Target audience note MPAA Rating: PG-13; for thematic elements, some sexuality and brief strong language.
520 ## - SUMMARY, ETC.
Summary, etc Hazel and Gus share a sarcastic sense of humor, a distaste for the conventional, and ultimately a love that sweeps them on an unforgettable journey. Although the two teens face unlikely challenges, their courage and dedication to each other prove that while life isn't perfect, love can still be extraordinary in this powerfully moving film based on John Green's New York Times best-selling novel.
500 ## - GENERAL NOTE
General note Bonus features: Promotional featurettes: The Cast, The Making of The Fault in Our Stars, The Transformation, Literature to Life, Our Little Infinity, The Music Behind Our Stars; Gallery; Audio commentary by director Josh Boone & author John Green.
650 #0 - SUBJECT ADDED ENTRY--TOPICAL TERM
Topical term or geographic name as entry element Teenagers
Form subdivision Drama.
9 (RLIN) 5699059
650 #0 - SUBJECT ADDED ENTRY--TOPICAL TERM
Topical term or geographic name as entry element Cancer
General subdivision Patients
Form subdivision Drama.
9 (RLIN) 5762646
650 #0 - SUBJECT ADDED ENTRY--TOPICAL TERM
Topical term or geographic name as entry element Self-help groups
Form subdivision Drama.
9 (RLIN) 5797696
650 #0 - SUBJECT ADDED ENTRY--TOPICAL TERM
Topical term or geographic name as entry element Love
Form subdivision Drama.
9 (RLIN) 5705469
650 #0 - SUBJECT ADDED ENTRY--TOPICAL TERM
Topical term or geographic name as entry element Interpersonal relations
Form subdivision Drama.
9 (RLIN) 5731317
650 #0 - SUBJECT ADDED ENTRY--TOPICAL TERM
Topical term or geographic name as entry element Man-woman relationships
Form subdivision Drama.
9 (RLIN) 5673977
650 #0 - SUBJECT ADDED ENTRY--TOPICAL TERM
Topical term or geographic name as entry element Terminally ill
Form subdivision Drama.
9 (RLIN) 5739772
655 #7 - INDEX TERM--GENRE/FORM
Genre/form data or focus term Feature films.
Source of term lcgft
9 (RLIN) 6279282
655 #7 - INDEX TERM--GENRE/FORM
Genre/form data or focus term Romance films.
Source of term lcgft
9 (RLIN) 5675183
655 #7 - INDEX TERM--GENRE/FORM
Genre/form data or focus term Film adaptations.
Source of term lcgft
9 (RLIN) 6279283
655 #7 - INDEX TERM--GENRE/FORM
Genre/form data or focus term Video recordings for the hearing impaired.
Source of term lcgft
9 (RLIN) 6279284
655 #7 - INDEX TERM--GENRE/FORM
Genre/form data or focus term Video recordings for people with visual disabilities.
Source of term lcgft
9 (RLIN) 5676923
700 1# - ADDED ENTRY--PERSONAL NAME
Personal name Boone, Josh,
Dates associated with a name 1979-
Relator term film director.
9 (RLIN) 5999117
700 1# - ADDED ENTRY--PERSONAL NAME
Personal name Weber, Michael H.
Titles and other words associated with a name (Screenwriter),
Relator term screenwriter.
9 (RLIN) 6279285
700 1# - ADDED ENTRY--PERSONAL NAME
Personal name Neustadter, Scott,
Relator term screenwriter.
9 (RLIN) 6193871
700 1# - ADDED ENTRY--PERSONAL NAME
Personal name Godfrey, Wyck,
Relator term film producer.
9 (RLIN) 70224
700 1# - ADDED ENTRY--PERSONAL NAME
Personal name Bowen, Marty,
Relator term film producer.
9 (RLIN) 56369
700 1# - ADDED ENTRY--PERSONAL NAME
Personal name Woodley, Shailene,
Relator term actor.
9 (RLIN) 72507
700 1# - ADDED ENTRY--PERSONAL NAME
Personal name Elgort, Ansel,
Dates associated with a name 1994-
Relator term actor.
9 (RLIN) 5809301
700 1# - ADDED ENTRY--PERSONAL NAME
Personal name Dern, Laura,
Relator term actor.
9 (RLIN) 40005
700 1# - ADDED ENTRY--PERSONAL NAME
Personal name Trammell, Sam,
Dates associated with a name 1971-
Relator term actor.
9 (RLIN) 5731953
700 1# - ADDED ENTRY--PERSONAL NAME
Personal name Wolff, Nat,
Dates associated with a name 1994-
Relator term actor.
9 (RLIN) 5960623
700 1# - ADDED ENTRY--PERSONAL NAME
Personal name Dafoe, Willem,
Relator term actor.
9 (RLIN) 59728
700 1# - ADDED ENTRY--PERSONAL NAME
-- Motion picture adaptation of (work):
Personal name Green, John,
Dates associated with a name 1977-
Title of a work Fault in our stars.
9 (RLIN) 5999120
710 2# - ADDED ENTRY--CORPORATE NAME
Corporate name or jurisdiction name as entry element Fox 2000 Pictures,
Relator term production company.
9 (RLIN) 66278
710 2# - ADDED ENTRY--CORPORATE NAME
Corporate name or jurisdiction name as entry element Temple Hill Productions,
Relator term production company.
9 (RLIN) 5778395
710 2# - ADDED ENTRY--CORPORATE NAME
Corporate name or jurisdiction name as entry element Twentieth Century Fox Home Entertainment, Inc.,
Relator term film distributor.
9 (RLIN) 61951
942 ## - ADDED ENTRY ELEMENTS (KOHA)
Koha item type DVD
994 ## -
-- C0
-- UINTA
998 ## - LOCAL CONTROL INFORMATION (RLIN)
-- a205570
Holdings
Withdrawn status Lost status Source of classification or shelving scheme Damaged status Not for loan Collection code Home library Current library Shelving location Date acquired Source of acquisition Cost, normal purchase price Total Checkouts Total Renewals Full call number Barcode Date last seen Date checked out Cost, replacement price Price effective from Koha item type
    Dewey Decimal Classification     Movies Wasatch County Library Wasatch County Library Audio Visual Area 03/08/2019 Donation 19.98 11 9 BLU Fau 34301001856071 12/11/2025 12/10/2025 19.98 03/20/2020 Blu-ray/DVD
This project was made possible through a grant from the Institute of Museum and Library Service administered by the Utah State Library Division.

Wasatch County Library

  • 465 East 1200 South, Heber City, Utah 84032
  • Phone 435-654-1511 | Fax 435-654-6456

Hours

  • Monday - Friday 9:30 AM - 8:00 PM
  • Saturday 9:30 AM - 1:30 PM
  • Closed Sundays and Holidays